Skin so beautyfully yours/ (Record no. 196990)

MARC details
000 -LEADER
fixed length control field 00551nam a22001817a 4500
005 - DATE AND TIME OF LATEST TRANSACTION
control field 20231017124926.0
010 ## - LCCN (DPL NO)
LC control number ENG-137772
020 ## - INTERNATIONAL STANDARD BOOK NUMBER
International Standard Book Number 9789352618309
Terms of availability 175.00
035 ## - SYSTEM CONTROL NUMBER
System control number EN-121303
037 ## - SOURCE OF ACQUISITION
Source of stock number/acquisition DBAD
082 ## - DEWEY DECIMAL CLASSIFICATION NUMBER
Classification number 646.726
Edition number 2017
100 ## - MAIN ENTRY--PERSONAL NAME
Personal name Taneja Bharti
245 ## - TITLE STATEMENT
Title Skin so beautyfully yours/
Statement of responsibility, etc Bharti Taneja
260 ## - PUBLICATION, DISTRIBUTION, ETC. (IMPRINT)
Date of publication, distribution, etc 2017
Place of publication, distribution, etc New Delhi
Name of publisher, distributor, etc Diamond pocket book (P) LTD.
270 ## - ADDRESS
Address X-30 ,Okhla Industrial Area phase -2 New Delhi 110020
300 ## - PHYSICAL DESCRIPTION
Extent 152p.
Dimensions 22cm(Pbk)
942 ## - ADDED ENTRY ELEMENTS (KOHA)
Source of classification or shelving scheme Dewey Decimal Classification
Item type English Books
Classification part 646.726
Call number suffix TAN
Holdings
Withdrawn status Lost status Not for loan Collection code Home library Current library Date acquired Source of acquisition Cost, normal purchase price Full call number Barcode Copy number Cost, replacement price Koha item type
      Non-fiction Janak Puri Janak Puri 10/08/2023 DBAD/PUB 175.00 646.726 TAN EN-121303 1 175.00 English Books

© Delhi Public Library
Hit Counter
free hit counter